| 000 | 00582nam a22002057a 4500 | ||
|---|---|---|---|
| 003 | OSt | ||
| 005 | 20210420063121.0 | ||
| 008 | 201127s1991 ||||| |||| 00| 0 eng d | ||
| 020 | _a9780674097384 | ||
| 040 |
_aeng _beng _cDLC |
||
| 041 | _aeng | ||
| 080 |
_a61 (09) _bP-33 |
||
| 100 |
_9405 _aPaul, Oglesby |
||
| 245 |
_aThe Caring Physician _b: The Life of Dr. Francis W. Peabody |
||
| 260 |
_aThe Harvard University Press _bBoston _c1991 |
||
| 300 | _a220 p. | ||
| 650 | 0 |
_9335 _aHistory of Medicine |
|
| 653 | _aმედიცინის ისტორია | ||
| 942 |
_2udc _cBK |
||
| 999 |
_c479 _d479 |
||